| 000 | 00777nam0a22002771 4500 | ||
|---|---|---|---|
| 001 | RU\INFOCOMM_322\NLR\5000211696 | ||
| 005 | 20250613111803.0 | ||
| 035 | _a(NLR Aleph) 009596057 | ||
| 090 |
_a9280760 _c9280760 |
||
| 100 | _a20130305d1964 |||y0rusy50 ca | ||
| 101 | 0 | _afre | |
| 102 | _aRU | ||
| 105 | _ay z ||||| | ||
| 200 | 1 |
_aMyelossane _e[Données cliniques] _fV/o "Medexport". Moscou |
|
| 210 |
_a[M.] _cVnechtorguizdat _d[1964] |
||
| 215 |
_a59, [5] с. _d22 см |
||
| 320 | _aБиблиогр.: с. 61 | ||
| 620 | _aМосква | ||
| 686 |
_aМе5-385 _2rubbk |
||
| 686 |
_aМе9-335 _2rubbk |
||
| 712 | 0 | 2 |
_a"Medexport", v/o _4570 |
| 801 | 1 |
_aRU _bInfocomm _c20130305 |
|
| 801 | 0 |
_aRU _bINFOCOMM _gPSBO |
|
| 852 |
_aNLR _jМд17 Г-6/141 |
||
| 942 | _cBOOK | ||
| 980 | _aNB | ||